000 00450nam a2200181Ia 4500
001 16183
005 20260306170251.0
008 260306t2021||||xx |||||||||||||| ||und||
041 _aESP
082 _a347.3
_bB94
100 _aBurton, Steven J.
_eAUT
245 0 _aContract law:
_bselected source materials annotated
260 _c2021
300 _axii, 880 páginas :
_c25 cm.
650 _aGEN
654 _aCDE
942 _cLIB
_dJUS
_fJUS
_2ddc
_n
999 _c16183
_d16183